عرض عادي
عرض مارك
- Otto, Catherine M.
مدخل إسم شخص
001 - رقم الضبط
- حقل الضبط: 36120
003 - معرف رقم الضبط
- حقل الضبط: OSt
005 - تاريخ ووقت أخر عملية
- حقل الضبط: 20130624162716.0
008 - عناصر بيانات ثابتة الطول
- حقل تحكم ثابت الطول: 130624|||a|||||| | ||| d
040 ## - مصدر الفهرسة
- هيئة الفهرسة الأصلية: OSt
- وكالة الكتابة: OSt
100 ## - مدخل -- أسم شخص
- إسم شخص: Otto, Catherine M.
670 ## - بيانات المصدر موجوده
- الاستشهاد بالمصدر: Work cat.: (OSt)0: The practice of clinical echocardiography /, c2012.
